| 000 | 00612nam a22001937a 4500 | ||
|---|---|---|---|
| 999 |
_c172664 _d172664 |
||
| 005 | 20200210152514.0 | ||
| 010 | _aA-645231 | ||
| 020 | _c40.00 | ||
| 035 | _aA-645231 | ||
| 037 | _bBPPD/Pub. | ||
| 082 | _a920 | ||
| 100 | _aشاہ محمد عثمانی | ||
| 245 |
_aٹوٹے ہوے تارے / _cشاہ محمد عثمانی |
||
| 246 |
_aToote Hue Taare (Urdu) / _bby Shah Mohammed Asmani |
||
| 260 |
_aNew Delhi _bAsmani Publishing House _c1985 ء |
||
| 270 |
_a121-B Block, Zakir Nagar, Okhla Road _bNew Delhi _e110025 |
||
| 300 |
_a389p. _c21cm(Hb) |
||
| 942 |
_2ddc _cUR _h920 _mع ث م |
||